000 00499cam a22001934a 4500
005 20250605164200.0
008 250528s ||||||||||||||||||||||||d
035 _a19744
020 _a9606311597
040 _aGR-AtMCL
_bgre
_dGR-AtMCL
_eAACR2
245 1 _aΠΟΙΟΤΗΤΑ ΖΩΗΣ ΑΤΟΜΩΝ ΜΕ ΑΝΑΠΗΡΙΑ
250 _a1
260 _c2006
300 _a538
700 1 _aΔελλασουδας Λαυρεντης
_95942
942 _cBK
999 _c5000
_d5000